|
|
|
|
| LEADER |
01121naa a2200241 i 4500 |
| 001 |
acta46106 |
| 005 |
20230609151548.0 |
| 008 |
170627s1983 hu o 1|| hun d |
| 040 |
|
|
|a SZTE Egyetemi Kiadványok Repozitórium
|b hun
|
| 041 |
|
|
|a hun
|
| 100 |
1 |
|
|a Lukács Tiborné
|
| 245 |
1 |
0 |
|a Vérkészítmények előállításának és felhasználásának számítógépes követése
|h [elektronikus dokumentum] /
|c Lukács Tiborné
|
| 260 |
|
|
|c 1983
|
| 300 |
|
|
|a 478-481
|
| 490 |
0 |
|
|a Számítástechnikai és kibernetikai módszerek alkalmazása az orvostudományban és a biológiában
|v 11
|
| 650 |
|
4 |
|a Természettudományok
|
| 650 |
|
4 |
|a Számítás- és információtudomány
|
| 650 |
|
4 |
|a Orvos- és egészségtudomány
|
| 650 |
|
4 |
|a Klinikai orvostan
|
| 695 |
|
|
|a Vérkészítmények, Számítógép alkalmazása - orvostudomány
|
| 700 |
0 |
1 |
|a Kerényi Mária
|e aut
|
| 711 |
|
|
|a Számítástechnikai és kibernetikai módszerek alkalmazása az orvostudományban és a biológiában
|c Szeged
|d 1982. december 6-8.
|
| 856 |
4 |
0 |
|u http://acta.bibl.u-szeged.hu/46106/1/szamtech_orvost_koll_011_478-481.pdf
|z Dokumentum-elérés
|